Využite skryté znalosti svojich zamestnancov

Tacitné znalosti ako súbor skúseností, schopností, intuície a osobného charakteru. Ako pracovať a využívať tacitné znalosti ľudí vo firme. Západný a východný prístup využívania tacitných znalostí. Kolektívne tacitné znalosti.

Salvato in:
Dettagli Bibliografici
Autore principale: Hudáková, Ivana, 1976-
Natura: Capitolo di libro
Lingua:slovacco
Soggetti:
Tags: Aggiungi Tag
Nessun Tag, puoi essere il primo ad aggiungerne!!

MARC

LEADER 00000naa a2200000 4500
001 0132536
005 20240502072511.8
041 0 |a slo 
044 |a SK 
245 1 0 |a Využite skryté znalosti svojich zamestnancov  |c Ivana Hudáková 
520 |a Tacitné znalosti ako súbor skúseností, schopností, intuície a osobného charakteru. Ako pracovať a využívať tacitné znalosti ľudí vo firme. Západný a východný prístup využívania tacitných znalostí. Kolektívne tacitné znalosti. 
610 2 0 |a manažment personálny 
610 2 0 |a riadenie ľudských zdrojov 
610 2 0 |a vedenie ľudí 
610 2 0 |a riadenie znalostí 
610 2 0 |a schopnosti pracovné 
610 2 0 |a zručnosti 
610 2 0 |a tímy pracovné 
610 2 0 |a kolektív 
610 2 0 |a zamestnanci 
100 1 |a Hudáková, Ivana, 1976-